000 01482nam0a2200337 4500
001 RU\NLR\BIBL_A\022333919
005 20260408164817.0
010 _a978-5-507-50570-8
_930
035 _a(NLR Aleph) 022333919
090 _a13513403
_c13513403
100 _a20240926d2024 u y0rusy50 ca
101 0 _arus
102 _aRU
105 _aa j 000yy
181 0 _ai3
_baxxe
182 0 _an
200 1 _aЯзыки программирования и методы трансляции
_eучебное пособие
_fС. З. Свердлов
203 _aТекст
_bвизуальный
_cнепосредственный
205 _a5-е изд., стер.
210 _aСанкт-Петербург [и др.]
_cЛань
_d2025
215 _a560 с.
_cил., табл.
_d21
225 1 _aВысшее образование
320 _aБиблиогр.: с. 558-560 (33 назв.) и в тексте
606 1 _aЯзыки программирования
_jУчебные издания для высших учебных заведений
_92088769
_3RU\NLR\AUTH\661264476
606 _aТрансляторы (компьют.)
_jУчебные издания для высших учебных заведений
_3RU\NLR\AUTH\66475879
_91182185
686 1 _aЗ973.2-018.1я73-1
700 1 _aСвердлов
_bС. З.
_gСергей Залманович
942 _cBOOK
980 _aNB